Sports Quiz

Random Sports Quiz

Brewers Since 2008 Quiz Stats

 Plays Quiz not verified by Sporcle

Challenge
Share
Tweet
Embed
Score 0/16 Timer 05:00
0 Plays Today
Games/Innings/Appearances Player % Correct
806 inningsYovani Gallardo
98.2%
770 gamesRyan Braun
97.5%
696 gamesCorey Hart
96.9%
601 gamesRickie Weeks
96.3%
644 gamesPrince Fielder
94.5%
206 games pitchedJohn Axford
91.4%
307 gamesJonathan Lucroy
85.3%
328 gamesCarlos Gomez
84%
Games/Innings/Appearances Player % Correct
570.1 inningsRandy Wolf
76.7%
195 games pitchedKameron Loe
66.9%
428 gamesCasey McGehee
56.4%
486.2 inningsManny Parra
54%
473.2 inningsDave Bush
50.3%
449 gamesCraig Counsell
37.4%
156 games pitchedTodd Coffey
21.5%
161 games pitchedCarlos Villanueva
17.8%

You're not logged in!

Compare scores with friends on all Sporcle quizzes.
Join for Free
OR
Log In

You Might Also Like...

Show Comments

Extras

Top Quizzes Today


Score Distribution

Your Account Isn't Verified!

In order to create a playlist on Sporcle, you need to verify the email address you used during registration. Go to your Sporcle Settings to finish the process.

Report this User

Report this user for behavior that violates our Community Guidelines.

Details: